[Event "Benalmadena Rapid op 1st"]
[Site "Benalmadena"]
[Date "2023.02.26"]
[Round "9"]
[White "Bouzo Alvarez, Jose Antonio"]
[Black "Garzon Rodriguez, Jose Manuel"]
[Result "1-0"]
[WhiteElo "2174"]
[BlackElo "1767"]
[PlyCount "34"]
[EventDate "2023.02.25"]
[EventType "swiss (rapid)"]
[EventRounds "9"]
[EventCountry "ESP"]
[SourceTitle "CBM 212 Extra"]
[Source "ChessBase"]
[SourceDate "2023.03.31"]
[SourceVersion "1"]
[SourceVersionDate "2023.03.31"]
[SourceQuality "1"]

1. e4 e5 2. Nf3 Nf6 3. Nc3 Nc6 4. Bc4 Be7 5. 0-0 0-0 6. d4 d6 7. h3 Nxd4 8. Nxd4 exd4 9. Qxd4 c6 10. Bf4 Be6 11. Bxe6 fxe6 12. e5 Nd5 13. Bg3 c5 14. Qc4 Nc7 15. exd6 Bxd6 16. Rad1 Nd5 17. Rxd5 Bb8 1-0

[Event "Malaga-ch Seniors 15th"]
[Site "Malaga"]
[Date "2019.03.30"]
[Round "1"]
[White "Garzon Rodriguez, Jose Manuel"]
[Black "Cortes Fernandez, Juan"]
[Result "1-0"]
[WhiteElo "1791"]
[BlackElo "1541"]
[PlyCount "42"]
[EventDate "2019.03.30"]
[EventType "swiss"]
[EventRounds "6"]
[EventCountry "ESP"]
[SourceTitle "EXT 2024"]
[Source "ChessBase"]
[SourceDate "2023.10.10"]
[SourceVersion "1"]
[SourceVersionDate "2023.10.10"]
[SourceQuality "1"]

1. e4 e5 2. Nf3 Nc6 3. d4 exd4 4. Nxd4 Nxd4 5. Qxd4 c5 6. Qd1 b6 7. Nc3 Bb7 8. Bd3 Nf6 9. 0-0 Be7 10. Kh1 0-0 11. e5 Ne8 12. Qh5 g6 13. Qh6 Nc7 14. f4 Ne6 15. f5 Bg5 16. Qh3 Nd4 17. f6 Bxc1 18. Raxc1 Ne6 19. Qh6 d6 20. Rf5 Re8 21. Rh5 Nf8 1-0

[Event "Malaga-ch"]
[Site "Malaga"]
[Date "2012.02.05"]
[Round "9"]
[White "Garzon Rodriguez, Jose Manuel"]
[Black "Marquez Bernal, Florencio"]
[Result "1/2-1/2"]
[WhiteElo "1893"]
[BlackElo "1927"]
[PlyCount "120"]
[EventDate "2012.01.14"]
[EventType "swiss"]
[EventRounds "9"]
[EventCountry "ESP"]
[SourceTitle "CBM 146 Extra"]
[Source "ChessBase"]
[SourceDate "2012.02.29"]
[SourceVersion "1"]
[SourceVersionDate "2012.02.29"]
[SourceQuality "1"]

1. d4 Nf6 2. Nf3 d6 3. g3 g6 4. Bg2 Bg7 5. 0-0 0-0 6. b3 c5 7. e3 Nbd7 8. Bb2 Qc7 9. c4 Rb8 10. a4 a6 11. Nc3 e6 12. Rc1 b6 13. Qc2 Bb7 14. Rfd1 Rbd8 15. Rd2 Qb8 16. Ng5 Bxg2 17. Kxg2 Qb7+ 18. Kg1 Qc7 19. Nge4 Nxe4 20. Nxe4 Nb8 21. d5 e5 22. f4 Qe7 23. Rf1 exf4 24. Bxg7 Kxg7 25. exf4 Qd7 26. Qc3+ f6 27. Ng5 Rfe8 28. Ne6+ Rxe6 29. dxe6 Qxe6 30. Rfd1 Nc6 31. Qf3 Nd4 32. Rxd4 cxd4 33. Rxd4 Re8 34. Rd1 Qe3+ 35. Qxe3 Rxe3 36. Rxd6 Rxb3 37. Rd7+ Kh6 38. Rb7 Ra3 39. Rxb6 Rxa4 40. Rxf6 Rxc4 41. Rxa6 Rc2 42. Ra5 Rb2 43. Ra3 Kg7 44. Rf3 Kf6 45. Rf2 Rb3 46. Kg2 Ra3 47. g4 Rb3 48. Rf3 Rb1 49. Ra3 Rb7 50. Ra6+ Kg7 51. Kg3 Rb3+ 52. Kh4 Rb7 53. g5 h6 54. Kg4 hxg5 55. Kxg5 Rb5+ 56. Kg4 Kh6 57. h4 Rc5 58. Re6 Kg7 59. Re5 Rc1 60. Rg5 Kf6 1/2-1/2

[Event "Malaga-ch"]
[Site "Malaga"]
[Date "2012.01.21"]
[Round "4"]
[White "Garzon Rodriguez, Jose Manuel"]
[Black "Ladron de Guevara Pinto, Fermin Gabriel"]
[Result "1-0"]
[WhiteElo "1893"]
[BlackElo "1700"]
[PlyCount "99"]
[EventDate "2012.01.14"]
[EventType "swiss"]
[EventRounds "9"]
[EventCountry "ESP"]
[SourceTitle "CBM 146 Extra"]
[Source "ChessBase"]
[SourceDate "2012.02.29"]
[SourceVersion "1"]
[SourceVersionDate "2012.02.29"]
[SourceQuality "1"]

1. d4 d5 2. Nf3 e6 3. g3 f5 4. Bg2 Nf6 5. 0-0 Bd6 6. b3 Qe7 7. Bb2 c6 8. a3 0-0 9. Nbd2 Nbd7 10. Ne5 Ne4 11. Ndf3 Nxe5 12. Nxe5 Bxe5 13. dxe5 b6 14. f3 Nc5 15. a4 Nd7 16. Qd2 a5 17. Ba3 c5 18. f4 Bb7 19. c4 Rad8 20. cxd5 Bxd5 21. Bxd5 exd5 22. Qxd5+ Kh8 23. Qc6 Rg8 24. Rad1 Rge8 25. Bb2 Nf8 26. Qxb6 Rb8 27. Qxa5 Rxb3 28. Bc3 Ne6 29. e3 Qb7 30. Rd6 Ra8 31. Rxe6 h5 32. Qxc5 Rc8 33. Qe7 Qxe7 34. Rxe7 Rbxc3 35. Kf2 Ra3 36. Rf7 Rc2+ 37. Kf3 Rxh2 38. e6 Kg8 39. Rd1 Raa2 40. Rf1 Rxa4 41. Rxf5 Ra6 42. Re5 Ra8 43. Rd1 Rc2 44. Rxh5 Re8 45. f5 Rc5 46. Rdh1 Kf8 47. Rh8+ Ke7 48. f6+ gxf6 49. R1h7+ Kd8 50. Rd7+ 1-0

[Event "Malaga op 13th"]
[Site "Malaga"]
[Date "2010.02.27"]
[Round "9"]
[White "Garzon Rodriguez, Jose Manuel"]
[Black "Medina Menendez, Eduardo Matias"]
[Result "1/2-1/2"]
[WhiteElo "1909"]
[BlackElo "2109"]
[PlyCount "125"]
[EventDate "2010.02.20"]
[EventType "swiss"]
[EventRounds "9"]
[EventCountry "ESP"]
[SourceTitle "CBM 135 Extra"]
[Source "ChessBase"]
[SourceDate "2010.05.04"]
[SourceVersion "1"]
[SourceVersionDate "2010.05.04"]
[SourceQuality "1"]

1. e4 d6 2. d4 Nf6 3. Bd3 e5 4. d5 Nbd7 5. Bg5 Be7 6. Bxf6 Bxf6 7. c4 g6 8. Ne2 0-0 9. Nbc3 Bg7 10. Qd2 f5 11. f3 Qh4+ 12. Kd1 Nc5 13. Ng3 Bh6 14. Qe2 a5 15. Kc2 Bd7 16. b3 c6 17. Qe1 Rab8 18. Nxf5 Qxe1 19. Nxh6+ Kg7 20. Raxe1 Kxh6 21. a3 g5 22. h3 Kg6 23. Be2 h5 24. Rd1 Rf6 25. Rd2 a4 26. Nxa4 Nxa4 27. bxa4 cxd5 28. cxd5 Bxa4+ 29. Kc3 Rc8+ 30. Kb4 Bd7 31. Rb1 Rc5 32. Rbb2 Rf8 33. Rdc2 Rfc8 34. Bd3 g4 35. fxg4 hxg4 36. hxg4 Kg5 37. Rxc5 dxc5+ 38. Ka5 c4 39. Bc2 b5 40. Rxb5 Ra8+ 41. Kb4 Bxb5 42. Kxb5 Rxa3 43. Kxc4 Kf6 44. Bd1 Ke7 45. Bf3 Kd6 46. g5 Ra4+ 47. Kd3 Kc5 48. g6 Ra3+ 49. Ke2 Kd4 50. d6 Ra2+ 51. Kf1 Ke3 52. Kg1 Ra8 53. d7 Kf4 54. Be2 Kg5 55. Ba6 Rd8 56. Bc8 Kxg6 57. Kf2 Kg5 58. Ke3 Kg4 59. Bb7 Kg3 60. Bc6 Kxg2 61. Kd3 Kf3 62. Kc4 Rxd7 63. Bxd7 1/2-1/2

[Event "Malaga op 13th"]
[Site "Malaga"]
[Date "2010.02.23"]
[Round "5"]
[White "Garzon Rodriguez, Jose Manuel"]
[Black "Cardoso Garcia, Sergio"]
[Result "1-0"]
[WhiteElo "1909"]
[BlackElo "2125"]
[PlyCount "107"]
[EventDate "2010.02.20"]
[EventType "swiss"]
[EventRounds "9"]
[EventCountry "ESP"]
[SourceTitle "CBM 135 Extra"]
[Source "ChessBase"]
[SourceDate "2010.05.04"]
[SourceVersion "1"]
[SourceVersionDate "2010.05.04"]
[SourceQuality "1"]

1. e4 c5 2. Nf3 d6 3. d4 cxd4 4. Nxd4 Nf6 5. Bd3 Nc6 6. Nxc6 bxc6 7. 0-0 g6 8. b3 Bg7 9. Bb2 0-0 10. Nd2 Ng4 11. Bxg7 Kxg7 12. Be2 Nf6 13. c4 c5 14. Qc2 a5 15. a4 Rb8 16. f3 Qb6 17. Bd1 Ne8 18. Nb1 Nc7 19. Nc3 Bb7 20. Qb2 e5 21. Nb5 Ne6 22. Bc2 Nd4 23. Rad1 Ba6 24. Rd2 Bxb5 25. axb5 f6 26. Bd1 h5 27. Qc3 g5 28. Ra2 Ra8 29. Ra4 Kh6 30. Rf2 Ra7 31. Rfa2 Rfa8 32. Qd2 Kg6 33. g3 Ne6 34. Be2 Nd4 35. Bd1 Kh6 36. f4 gxf4 37. gxf4 Rg7+ 38. Kf2 Rag8 39. f5+ Kh7 40. Bf3 Qb7 41. Ke3 Nxf3 42. Qe2 Rg4 43. Qxf3 Qg7 44. Rxa5 Qg5+ 45. Kd3 Rf4 46. Ra7+ Kh6 47. Qe2 Qh4 48. Rf7 Rg1 49. Ra8 Qh3+ 50. Kc2 Rc1+ 51. Kxc1 Qc3+ 52. Kb1 Qxb3+ 53. Ka1 Qc3+ 54. Ka2 1-0

[Event "Malaga op 13th"]
[Site "Malaga"]
[Date "2010.02.21"]
[Round "3"]
[White "Garzon Rodriguez, Jose Manuel"]
[Black "Anaya Lopez, Victor Jose"]
[Result "0-1"]
[WhiteElo "1909"]
[BlackElo "2157"]
[PlyCount "58"]
[EventDate "2010.02.20"]
[EventType "swiss"]
[EventRounds "9"]
[EventCountry "ESP"]
[SourceTitle "CBM 135 Extra"]
[Source "ChessBase"]
[SourceDate "2010.05.04"]
[SourceVersion "1"]
[SourceVersionDate "2010.05.04"]
[SourceQuality "1"]

1. e4 c5 2. Nf3 Nc6 3. d4 cxd4 4. Nxd4 Nf6 5. Nxc6 bxc6 6. Bd3 e5 7. 0-0 d6 8. Nc3 Be7 9. Kh1 h5 10. Qe2 h4 11. f4 Nh5 12. Qf3 exf4 13. Kg1 g5 14. h3 Be6 15. Na4 Ng3 16. Re1 Bf6 17. e5 Bxe5 18. Qxc6+ Ke7 19. Bd2 Rc8 20. Qf3 g4 21. hxg4 h3 22. gxh3 Rxh3 23. Bxf4 Qh8 24. Bxe5 dxe5 25. Nc3 Rh1+ 26. Kf2 Rh2+ 27. Kg1 Qh4 28. Rxe5 Rh1+ 29. Kf2 Nf5+ 0-1

[Event "Malaga op 12th"]
[Site "Malaga"]
[Date "2009.07.18"]
[Round "9"]
[White "Garzon Rodriguez, Jose Manuel"]
[Black "Palomo Leon, Juan Antonio"]
[Result "1/2-1/2"]
[WhiteElo "1905"]
[BlackElo "1980"]
[PlyCount "81"]
[EventDate "2009.07.11"]
[EventType "swiss"]
[EventRounds "9"]
[EventCountry "ESP"]
[SourceTitle "CBM 131 Extra"]
[Source "ChessBase"]
[SourceDate "2009.09.03"]
[SourceVersion "2"]
[SourceVersionDate "2009.09.16"]
[SourceQuality "1"]

1. e4 c6 2. d4 d5 3. Nd2 dxe4 4. Nxe4 Nd7 5. Nf3 Ngf6 6. Ng3 e6 7. Bd3 c5 8. 0-0 cxd4 9. Nxd4 Bc5 10. c3 0-0 11. b4 Bb6 12. Bg5 Qc7 13. Qf3 Ne5 14. Qe3 Nd5 15. Qe4 Nxd3 16. Qxd3 Qxc3 17. Qxc3 Nxc3 18. Nf3 f6 19. Bd2 Nd5 20. a4 Bd7 21. a5 Bc7 22. Ne4 b6 23. Rfc1 f5 24. Nc3 Rfc8 25. Ne2 Bd6 26. Rxc8+ Rxc8 27. axb6 axb6 28. Ra7 Rc7 29. Ra8+ Kf7 30. Ng5+ Kg6 31. h4 h6 32. h5+ Kf6 33. Nh7+ Kf7 34. Rd8 Be7 35. Ra8 Rc2 36. Nf4 Rxd2 37. Ng6 Rd1+ 38. Kh2 Bd6+ 39. g3 Nf6 40. Nh8+ Ke7 41. Ng6+ 1/2-1/2

[Event "Malaga op 12th"]
[Site "Malaga"]
[Date "2009.07.16"]
[Round "7"]
[White "Corrales Ibanez, Pedro Luis"]
[Black "Garzon Rodriguez, Jose Manuel"]
[Result "1-0"]
[WhiteElo "2010"]
[BlackElo "1905"]
[PlyCount "55"]
[EventDate "2009.07.11"]
[EventType "swiss"]
[EventRounds "9"]
[EventCountry "ESP"]
[SourceTitle "CBM 131 Extra"]
[Source "ChessBase"]
[SourceDate "2009.09.03"]
[SourceVersion "2"]
[SourceVersionDate "2009.09.16"]
[SourceQuality "1"]

1. e4 d6 2. d4 e5 3. Nf3 exd4 4. Nxd4 g6 5. Bc4 Bg7 6. 0-0 Ne7 7. Nc3 Nbc6 8. Be3 Ne5 9. Bb3 N7c6 10. h3 Na5 11. Qe2 Nxb3 12. axb3 Bd7 13. b4 f6 14. f4 Nf7 15. Qc4 0-0 16. b5 Kh8 17. Nd5 f5 18. exf5 Bxf5 19. Qxc7 Qh4 20. Nxf5 gxf5 21. c3 Rae8 22. Qxb7 Nh6 23. Rxa7 Rf7 24. Qc6 Rg8 25. Rxf7 Ng4 26. Rxg7 Kxg7 27. Bd4+ Kh6 28. Qxd6+ 1-0

[Event "Malaga-ch"]
[Site "Malaga"]
[Date "2006.01.28"]
[Round "1"]
[White "Jaime Montalvan, Luis Felipe"]
[Black "Garzon Rodriguez, Jose Manuel"]
[Result "0-1"]
[WhiteElo "2242"]
[BlackElo "1903"]
[PlyCount "134"]
[EventDate "2006.01.28"]
[EventType "swiss"]
[EventRounds "8"]
[EventCountry "ESP"]
[SourceTitle "EXT 2024"]
[Source "ChessBase"]
[SourceDate "2023.10.10"]
[SourceVersion "1"]
[SourceVersionDate "2023.10.10"]
[SourceQuality "1"]

1. d4 d5 2. c4 c6 3. Nf3 e6 4. Qc2 Nf6 5. e3 Be7 6. Nc3 Nbd7 7. b3 Bb4 8. Bd2 Bxc3 9. Bxc3 Ne4 10. Bd3 f5 11. 0-0 0-0 12. Bxe4 fxe4 13. Nd2 Qg5 14. Rae1 e5 15. f3 Nf6 16. dxe5 Bh3 17. Rf2 Ng4 18. Nxe4 dxe4 19. fxg4 Rxf2 20. Qxf2 Bxg4 21. Rf1 Be6 22. Bb4 h6 23. Qf4 Qg6 24. Qh4 a5 25. Bc5 a4 26. b4 Bxc4 27. Rf2 a3 28. Qe7 Qg4 29. h3 Qe6 30. Qxb7 Rd8 31. Bd6 Bxa2 32. Qa7 Qb3 33. Qe7 Rc8 34. Rf8+ Rxf8 35. Qxf8+ Kh7 36. Qf5+ Kh8 37. Qf8+ Kh7 38. Qf5+ g6 39. Qd7+ Qf7 40. Qxf7+ Bxf7 41. Bc5 a2 42. Bd4 Kg8 43. Kf2 Kf8 44. Ke1 Ke7 45. Kd2 Ke6 46. Kc1 Kf5 47. Kd2 h5 48. Ke2 h4 49. Kf2 g5 50. Bb2 Ke6 51. Ke2 Kd5 52. Kd2 Be6 53. Bd4 g4 54. hxg4 Bxg4 55. Kc1 Bf3 56. e6 Kxe6 57. Kb2 Bxg2 58. Ba7 h3 59. Bb8 Kf5 60. Kxa2 Kg4 61. Kb3 Bf1 62. Kc3 Kf3 63. Kd4 Bd3 64. Bc7 Kg2 65. Kc5 h2 66. Bxh2 Kxh2 67. Kxc6 Kg3 0-1

[Event "Malaga-ch"]
[Site "Malaga"]
[Date "2004.01.24"]
[Round "5.12"]
[White "Tapia Lorente, Antonio Miguel"]
[Black "Garzon Rodriguez, Jose Manuel"]
[Result "1-0"]
[WhiteElo "2098"]
[BlackElo "1981"]
[PlyCount "141"]
[EventDate "2004.01.10"]
[EventType "swiss"]
[EventRounds "9"]
[EventCountry "ESP"]
[SourceTitle "CBM 098 Extra"]
[Source "ChessBase"]
[SourceDate "2004.03.10"]
[SourceVersion "2"]
[SourceVersionDate "2004.03.10"]
[SourceQuality "1"]

1. e4 Nf6 2. e5 Nd5 3. d4 d6 4. Nf3 Nb6 5. Be2 g6 6. h4 h5 7. Nc3 Bg7 8. Be3 a6 9. Qd2 dxe5 10. Nxe5 Bxe5 11. dxe5 Qxd2+ 12. Kxd2 N8d7 13. f4 c6 14. g3 Nd5 15. Nxd5 cxd5 16. c4 dxc4 17. Bxc4 e6 18. Bd3 0-0 19. Rac1 Rd8 20. Rc7 b6 21. Ke2 a5 22. Rd1 Nc5 23. Bxc5 bxc5 24. Rc1 Rb8 25. b3 a4 26. R1xc5 axb3 27. axb3 Bb7 28. Bc4 Bg2 29. Ra5 Ra8 30. Rxa8 Rxa8 31. Kd3 Ra1 32. Kd4 Rg1 33. Bb5 Rd1+ 34. Kc5 Re1 35. Kb4 Re4+ 36. Rc4 Re3 37. Rc8+ Kg7 38. Rc3 Re4+ 39. Kc5 Re1 40. Bc6 Bf1 41. b4 f6 42. exf6+ Kxf6 43. Rb3 e5 44. fxe5+ Kxe5 45. b5 Rc1+ 46. Kb6 g5 47. hxg5 Kf5 48. Ka7 Kxg5 49. Bf3 Ra1+ 50. Kb8 h4 51. gxh4+ Kxh4 52. b6 Kg5 53. Kc7 Rc1+ 54. Kd6 Ba6 55. Bc6 Ra1 56. Kc7 Kf6 57. Rb4 Rc1 58. Kd7 Rd1+ 59. Kc7 Rc1 60. Kd6 Rd1+ 61. Kc7 Rc1 62. Rb2 Ke7 63. Rb3 Rc5 64. Re3+ Kf6 65. Kd6 Ra5 66. Rf3+ Kg7 67. Rf4 Ra1 68. Ra4 Rxa4 69. Bxa4 Kf7 70. Kc7 Ke7 71. Bb5 1-0

[Event "Malaga-ch"]
[Site "Malaga"]
[Date "2004.01.18"]
[Round "4.3"]
[White "Garzon Rodriguez, Jose Manuel"]
[Black "Munoz Moreno, Francisco Javier"]
[Result "0-1"]
[WhiteElo "1981"]
[BlackElo "2331"]
[PlyCount "54"]
[EventDate "2004.01.10"]
[EventType "swiss"]
[EventRounds "9"]
[EventCountry "ESP"]
[SourceTitle "CBM 098 Extra"]
[Source "ChessBase"]
[SourceDate "2004.03.10"]
[SourceVersion "2"]
[SourceVersionDate "2004.03.10"]
[SourceQuality "1"]

1. e4 c5 2. Nf3 e6 3. d4 cxd4 4. Nxd4 Nf6 5. Nc3 d6 6. Bd3 Nc6 7. Nde2 Be7 8. Ng3 0-0 9. 0-0 a6 10. Kh1 b5 11. a3 b4 12. axb4 Nxb4 13. f4 Nxd3 14. cxd3 Bb7 15. f5 e5 16. Nh5 d5 17. Nxf6+ Bxf6 18. Qh5 a5 19. exd5 Bxd5 20. Ne4 Bxe4 21. dxe4 Qd3 22. Re1 Rfc8 23. Qg4 Rc2 24. Ra3 Qc4 25. Bh6 Kh8 26. Bxg7+ Bxg7 27. Rg3 Bf6 0-1

[Event "Malaga-ch Preferente"]
[Site "Malaga"]
[Date "2002.01.12"]
[Round "1"]
[White "Garzon Rodriguez, Jose Manuel"]
[Black "Medina Menendez, Eduardo Matias"]
[Result "0-1"]
[WhiteElo "1918"]
[BlackElo "2056"]
[PlyCount "66"]
[EventDate "2002.01.12"]
[EventType "swiss"]
[EventRounds "8"]
[EventCountry "ESP"]
[SourceTitle "CBM 086 Extra"]
[Source "ChessBase"]
[SourceDate "2002.03.14"]
[SourceVersion "1"]
[SourceVersionDate "2002.03.14"]
[SourceQuality "1"]

1. e4 e5 2. Nf3 Nc6 3. d4 exd4 4. Nxd4 Bc5 5. Be3 Qf6 6. c3 Nge7 7. Be2 d5 8. Bf3 dxe4 9. Bxe4 Nxd4 10. cxd4 Bb6 11. 0-0 0-0 12. Qd3 Bf5 13. Nc3 Rad8 14. Rad1 c6 15. Rd2 Bxe4 16. Nxe4 Qg6 17. Nc3 Nf5 18. d5 Nxe3 19. fxe3 Qg5 20. Rf3 Rfe8 21. Re2 cxd5 22. Nd1 Re5 23. Rh3 h6 24. Rg3 Qe7 25. Kh1 Re8 26. Qc3 d4 27. Qc4 dxe3 28. Qf4 Re6 29. Rf3 Rd8 30. Nc3 Rd2 31. Qc4 Rc6 32. Qf4 Rxc3 33. bxc3 Rxe2 0-1